Online katalóg knižníc regiónu Turca

Dejiny sveta (Record no. 23001)

MARC details
000 -LEADER
fixed length control field 01656cam a2200505 a 4500
001 - CONTROL NUMBER
control field 23001
003 - CONTROL NUMBER IDENTIFIER
control field SK-KTurca
005 - DATE AND TIME OF LATEST TRANSACTION
control field 20260513140520.0
008 - FIXED-LENGTH DATA ELEMENTS--GENERAL INFORMATION
fixed length control field 240226s2002 xo ob gren 001 0 slo
015 ## - NATIONAL BIBLIOGRAPHY NUMBER
National bibliography number SNBA2003/11-04071
020 ## - INTERNATIONAL STANDARD BOOK NUMBER
International Standard Book Number 8006011508
035 ## - SYSTEM CONTROL NUMBER
System control number SNK000403707
035 ## - SYSTEM CONTROL NUMBER
System control number urn:nbn:sk:snk-amyh23
035 ## - SYSTEM CONTROL NUMBER
System control number urn:nbn:sk:snk-am00cljp
035 ## - SYSTEM CONTROL NUMBER
System control number 5E8E906C-7455-4B5C-95C4-380D32419136
040 ## - CATALOGING SOURCE
Original cataloging agency SNK
Language of cataloging slo
Transcribing agency SNK
Description conventions AACR2
041 0# - LANGUAGE CODE
Language code of text/sound track or separate title slo
044 ## - COUNTRY OF PUBLISHING/PRODUCING ENTITY CODE
MARC country code xo
ISO country code SK
072 #7 - SUBJECT CATEGORY CODE
Subject category code 94(100)
080 ## - UNIVERSAL DECIMAL CLASSIFICATION NUMBER
Universal Decimal Classification number 94(100)(031)
Edition identifier 2. slo
080 ## - UNIVERSAL DECIMAL CLASSIFICATION NUMBER
Universal Decimal Classification number 94(100)
Edition identifier 1981
080 ## - UNIVERSAL DECIMAL CLASSIFICATION NUMBER
Universal Decimal Classification number (031)
Edition identifier 1981
110 0# - MAIN ENTRY--CORPORATE NAME
Corporate name or jurisdiction name as entry element Larousse
Relationship aut
240 14 - UNIFORM TITLE
Uniform title Les grandes événements de l'histoire du monde
Language of a work Slovensky
245 10 - TITLE STATEMENT
Title Dejiny sveta
Statement of responsibility, etc. Larousse ; editori Jacques Marseille, Nadeije Laneyrie-Dagenová ; [z francúzskeho originálu preložili Zuzana Pazderová ... [et al.]
250 ## - EDITION STATEMENT
Edition statement 2. vyd.
260 ## - PUBLICATION, DISTRIBUTION, ETC.
Place of publication, distribution, etc. Bratislava
Name of publisher, distributor, etc. Mladé letá
Date of publication, distribution, etc. c2002
300 ## - PHYSICAL DESCRIPTION
Extent 319 s.
Other physical details fareb. fotogr., mp.
Dimensions 30 cm
490 1# - SERIES STATEMENT
Series statement Z pamäti ľudstva
504 ## - BIBLIOGRAPHY, ETC. NOTE
Bibliography, etc. note Reg.
650 07 - SUBJECT ADDED ENTRY--TOPICAL TERM
Topical term or geographic name entry element svetové dejiny
General subdivision encyklopédie
Source of heading or term SNK
650 07 - SUBJECT ADDED ENTRY--TOPICAL TERM
Topical term or geographic name entry element encyklopédie
General subdivision dejiny sveta
Source of heading or term SNK
650 07 - SUBJECT ADDED ENTRY--TOPICAL TERM
Topical term or geographic name entry element svetové dejiny
Source of heading or term SNK
655 #7 - INDEX TERM--GENRE/FORM
Genre/form data or focus term encyklopédie
Source of term SNK
700 1# - ADDED ENTRY--PERSONAL NAME
Personal name Marseille, Jacques
Relationship edt
700 1# - ADDED ENTRY--PERSONAL NAME
Personal name Laneyrie-Dagen, Nadeije
Relationship edt
700 1# - ADDED ENTRY--PERSONAL NAME
Personal name Pazderová, Zuzana
Relationship trl
700 1# - ADDED ENTRY--PERSONAL NAME
Personal name Anettová, Alena,
Dates associated with a name 1957-
Relationship trl
700 1# - ADDED ENTRY--PERSONAL NAME
Personal name Borovská, Zuzana,
Dates associated with a name 1954-
Relationship trl
700 1# - ADDED ENTRY--PERSONAL NAME
Personal name Ferenčuhová, Bohumila,
Dates associated with a name 1947-
Relationship trl
700 1# - ADDED ENTRY--PERSONAL NAME
Personal name Petruf, Pavol,
Dates associated with a name 1946-
Relationship trl
830 #0 - SERIES ADDED ENTRY--UNIFORM TITLE
Uniform title Z pamäti ľudstva
942 ## - ADDED ENTRY ELEMENTS (KOHA)
Source of classification or shelving scheme Dewey Decimal Classification
Koha item type Odborná literatúra pre dospelých
Suppress in OPAC No
Holdings
Stav vyradenia Strata Poškodenie Spôsob nadobudnutia Domovská knižnica Aktuálna knižnica Dátum nadobudnutia Total checkouts Čiarový kód exemplára Date last seen Typ exemplára
      Dar Obecná knižnica Turčianska Štiavnička Obecná knižnica Turčianska Štiavnička 13.05.2026   4738001303 13.05.2026 Odborná literatúra pre dospelých
Projekt je podporený Slovenskou asociáciou knižníc
Prevádzkuje Turčianska knižnica Martin 2026